000 00258nam a2200097Ia 4500
001 719489
005 20250826163044.0
008 250824s9999 xx 000 0 und d
245 0 _aSEN ÖLÜRSÜN BEN YAŞARIM
_cCELİL OKER
260 _bALTIN KİTAPLAR YAYINLARI
999 _c719489
_d719489